Countries of Africa with Two or More Words - Statistics

General Stats
  • This quiz has been taken 83 times
    30 since last reset
  • The average score is 8 of 10
Answer Stats
Answer % Correct
Central African Republic
93%
Burkina Faso
85%
Equatorial Guinea
85%
South Africa
85%
Cape Verde
81%
South Sudan
81%
São Tomé and Príncipe
78%
Côte d’Ivoire
67%
Guinea Bissau
67%
Sierra Leone
67%
No matching quizzes found
Score Distribution
Percent of People with Each Score
Percentile by Number Answered
Your Score History
You have not taken this quiz since the last reset